1570 1201 1737 1806 1814 1427 1920 1951 1428 1520 1908 1170 1043 1268 1200 1829 1331 1882 1671 1398 1278 1788 1021 1047 1507 1584 1076 1179 1921 1858 1986 1892 1716 1386 1460 1871 1608 1937 1396 1079 1550 1318 1417 1746 1946 1458 1289 1248 1123 1392 1418 1322 1922 1656 1241 1221 1397 1418 1037 1151 1767 1914 1960 1061 1796 1668 1717 1239 1247 1957 1629 1281 1718 1841 1863 1738 1602 1686 1812 1646 1200 1821 1302 1555 1955 1039 1690 1611 1019 1162 1444 1511 1551 1609 1944 1971 1568 1061 1852 BCNSPRNW ULIB Ver.6.0+V

เปลี่ยนเป็นภาษาไทย

Change to English
 แสดงรายละเอียดบรรณานุกรม
  กลับหน้าหลัก

Brief Record : Get Marc (ISO 2709) : E-mail record : QR code < ปิดหน้าต่าง
LEADER : 00000nam 2200000uu 4500
001    13399121014
003     ULIB
008    121030s2552||||th 000 0 tha d
020    ^a9786167042008
050 04 ^aHQ772^bน139ค
100 0  ^aนงนภัส คู่วรัญญู เที่ยงกมล
245 10 ^aความสุขและอัจฉริยะสร้างได้ก่อนเกิด /^cนงนภัส คู่วรัญญู เที่ยงกมล
260    ^aกรุงเทพฯ :^bปราชญ์,^c2552
300    ^a223 หน้า :^bภาพประกอบ
504    ^aบรรณานุกรม: หน้า 223-[224]
650  7 ^aเด็ก^xการดูแล
650  7 ^aเด็กพิเศษ
650  7 ^aอัจฉริยภาพ
945    ^p165^l0^i17702
995    ^aทศพร
999    ^aทศพร เกษรทอง
รายการนี้ยังไม่มีแท็ก
คุณยังไม่ได้ล็อกอิน คุณสามารถมีกิจกรรมร่วมกับเว็บไซต์ได้ แต่ต้องล็อกอินก่อน ::
  ล็อกอิน

รายการสื่อสารสนเทศ

ลำดับที่ ประเภท เลขเรียก/บาร์โค้ด สถานที่ สถานะ
1. วิทยาศาสตร์การแพทย์ และสุขภาพ
วิทยาศาสตร์การแพทย์ และสุขภาพ
HQ772 น139ค ฉ.1 
  Barcode: 17702
ห้องสมุดวิทยาเขตสวรรค์ประชารักษ์
►หนังสือทั่วไป
บนชั้น

รายการใกล้เคียง
    ผู้แต่ง [นงนภัส คู่วรัญญู เที่ยงกมล]

    หัวเรื่อง [เด็ก การดูแล]
    หัวเรื่อง [เด็กพิเศษ]
    หัวเรื่อง [อัจฉริยภาพ]

BibComment


ยังไม่เคยถูกคอมเมนท์

คอมเมนท์ทรัพยากรรายการนี้
  คอมเมนท์: ความสุขและอัจฉริ..


 Copyright 2026. Bcnsprnw @Library